| 000 | 00418nam a2200193Ia 4500 | ||
|---|---|---|---|
| 008 | 210210b1879 xxu||||| |||| 00| 0 eng d | ||
| 041 | _aeng | ||
| 082 | _a822/407 | ||
| 100 | _aFIRTH (J B) | ||
| 245 | _aPlinys letters Vol I | ||
| 260 |
_aLondon _bNot Mentioned _c1879 |
||
| 440 | _aI | ||
| 650 | _aVol | ||
| 650 | _aPlinys | ||
| 650 | _aletters | ||
| 650 | _aI | ||
| 690 | _aEnglish Prose | ||
| 906 | _a012593 | ||
| 999 |
_c131400 _d131400 |
||